Real Madrid - Effectif 2025/2026 - Statistiques

Statistiques générales
  • Ce quiz a été pris 1 931 fois
    1 115 depuis la dernière actualisation
  • Le résultat moyen est 18 sur 25
Statistiques - réponses
Poste Joueurs % Correct
Attaquant Kylian Mbappé
98%
Attaquant Vinicius Junior
93%
Gardien Thibaut Courtois
89%
Coach Xabi Alonso
89%
Attaquant Rodrygo
87%
Milieu Eduardo Camavinga
85%
Milieu Aurélien Tchouaméni
84%
Milieu Jude Bellingham
83%
Défenseur Antonio Rüdiger
82%
Gardien Andriy Lunin
81%
Milieu Federico Valverde
79%
Milieu Arda Güler
77%
Défenseur Eder Militao
75%
Défenseur Dani Carvajal
73%
Défenseur Fran Garcia
69%
Attaquant Brahim Diaz
66%
Défenseur David Alaba
66%
Attaquant Endrick
64%
Défenseur Ferland Mendy
64%
Défenseur Trent Alexander-Arnold
63%
Défenseur Dean Huijsen
60%
Défenseur Alvaro Carreras
59%
Milieu Dani Ceballos
52%
Défenseur Raul Asencio
51%
Attaquant Franco Mastantuono
50%
Aucun quiz correspondant
Distribution des résultats
% des personnes avec chaque résultat
Percentile par nombre de réponses
Votre historique - résultats
Vous n’avez pas pris ce quiz depuis la dernière actualisation